| 000 | 00735nam a22002777a 4500 | ||
|---|---|---|---|
| 001 | BR9605115 | ||
| 003 | BR-BrBNA | ||
| 005 | 20230928095053.0 | ||
| 007 | ta | ||
| 008 | 230509b bl.||||| |||| 00| 0 por d | ||
| 040 |
_aBR-BrBNA _bpor _cBiblioteca Nacional de Agricultura |
||
| 041 | _a(Por) | ||
| 072 | _aP05; P01 | ||
| 090 | _ P05 BR9605115 | ||
| 100 | 1 | _aMuller, A.C. | |
| 245 | 1 | _aHidreletricas, meio ambiente e desenvolvimento | |
| 260 | 3 |
_aSao Paulo, SP (Brasil): _c1995. |
|
| 300 | _a412 p. | ||
| 500 | _aBibliography p. 393-412 | ||
| 650 | _aHidreletrica | ||
| 650 | _aMeio Ambiente | ||
| 650 | _aDesenvolvimento Florestal | ||
| 650 | _aRecurso Hidrico | ||
| 909 |
_a202309 _bLucia _c55 _dLucia Elande |
||
| 942 | _cBK | ||
| 999 |
_c54331 _d54331 |
||